The urban food security atlas of Bangladesh / (Record no. 25556)

MARC details
000 -LEADER
fixed length control field 01538cem a2200433 i 4500
001 - CONTROL NUMBER
control field 16899311
003 - CONTROL NUMBER IDENTIFIER
control field BDDh-ASL
005 - DATE AND TIME OF LATEST TRANSACTION
control field 20231015030509.0
007 - PHYSICAL DESCRIPTION FIXED FIELD--GENERAL INFORMATION
fixed length control field ad|canzn
008 - FIXED-LENGTH DATA ELEMENTS--GENERAL INFORMATION
fixed length control field 110802s2008 bg e 0 eng
010 ## - LIBRARY OF CONGRESS CONTROL NUMBER
LC control number 2011324514
025 ## - OVERSEAS ACQUISITION NUMBER
Overseas acquisition number B-Map-2011-324514
034 0# - CODED CARTOGRAPHIC MATHEMATICAL DATA
Category of scale a
037 ## - SOURCE OF ACQUISITION
Source of stock number/acquisition Library of Congress -- New Delhi Overseas Office
040 ## - CATALOGING SOURCE
Original cataloging agency DLC
Language of cataloging eng
Transcribing agency DLC
Description conventions rda
Modifying agency BDDh-ASL
042 ## - AUTHENTICATION CODE
Authentication code lcode
050 00 - LIBRARY OF CONGRESS CALL NUMBER
Classification number G2276.J15
Item number G4 2008
052 ## - GEOGRAPHIC CLASSIFICATION
Geographic classification area code 7646
082 00 - DEWEY DECIMAL CLASSIFICATION NUMBER
Classification number 363.80954
Edition number 22
Item number URB
110 2# - MAIN ENTRY--CORPORATE NAME
Corporate name or jurisdiction name as entry element Geographical Solutions Research Center (Bangladesh)
245 14 - TITLE STATEMENT
Title The urban food security atlas of Bangladesh /
Statement of responsibility, etc. [editors, Amanat Ullah Khan, Shahnaz Huq-Hussain].
255 ## - CARTOGRAPHIC MATHEMATICAL DATA
Statement of scale Scales differ.
260 ## - PUBLICATION, DISTRIBUTION, ETC.
Place of publication, distribution, etc. Dhaka :
Name of publisher, distributor, etc. Geographical Solutions Research Center :
-- United Nations, World Food Programme,
Date of publication, distribution, etc. 2008.
300 ## - PHYSICAL DESCRIPTION
Extent 1 atlas (137 pages) :
Other physical details color illustrations, color maps ;
Dimensions 45 cm
336 ## - CONTENT TYPE
Content type term cartographic image
Source rdacontent
337 ## - MEDIA TYPE
Media type term unmediated
Source rdamedia
338 ## - CARRIER TYPE
Carrier type term volume
Source rdacarrier
500 ## - GENERAL NOTE
General note Title from cover.
500 ## - GENERAL NOTE
General note "Department for International Development."
504 ## - BIBLIOGRAPHY, ETC. NOTE
Bibliography, etc. note Includes bibliographical references (page 137).
650 #0 - SUBJECT ADDED ENTRY--TOPICAL TERM
Topical term or geographic name entry element Food supply
Geographic subdivision Bangladesh
Form subdivision Maps.
655 #7 - INDEX TERM--GENRE/FORM
Genre/form data or focus term Atlases.
Source of term lcgft
700 1# - ADDED ENTRY--PERSONAL NAME
Personal name Khan, Amanat Ullah.
700 1# - ADDED ENTRY--PERSONAL NAME
Personal name Huq-Hussain, Shahnaz.
710 2# - ADDED ENTRY--CORPORATE NAME
Corporate name or jurisdiction name as entry element World Food Programme, Bangladesh.
906 ## - LOCAL DATA ELEMENT F, LDF (RLIN)
a 7
b cbc
c origode
d u
e ncip
f 20
g y-geogmaps
942 ## - ADDED ENTRY ELEMENTS (KOHA)
Source of classification or shelving scheme Dewey Decimal Classification
Koha item type Books
Holdings
Withdrawn status Lost status Source of classification or shelving scheme Damaged status Not for loan Collection code Home library Current library Shelving location Date acquired Source of acquisition Total Checkouts Full call number Barcode Date last seen Copy number Price effective from Koha item type
    Dewey Decimal Classification     Non-fiction Asiatic Society Library Asiatic Society Library General Stacks 08/19/2021 Donated by National Atlas Porject of Bangladesh   363.80954 URB 110376 08/19/2021 C-1 08/19/2021 Books
    Dewey Decimal Classification     Non-fiction Asiatic Society Library Asiatic Society Library General Stacks 08/19/2021 Donated by National Atlas Porject of Bangladesh   363.80954 URB 110377 08/19/2021 C-2 08/19/2021 Books

Powered by Koha